00226nam a2200109Ia 4500100001200000250000600012654001300018245003200031260002800063082001300091546001200104 aDeitel  a3 ainternet aInternet and World Wide Web bPearson Educationc2004 a4.6bDEI aENGLISH